000 00664nam a2200289Ia 4500
005 20260324111905.0
008 008 260324s9999 xx 000 0 eng d
020 _a9781003604693
037 _aEBOOK
040 _aCRL
040 _beng
040 _cCRL
041 _2eng
041 _aeng
084 _qCRL
100 _aOhad Reznick
_91140439
245 4 _aThe Jew in the American War Novel
245 0 _b1920s–2020s
260 _bTaylor and Francis
260 _c2025
365 _a
365 _b240
856 _uhttp://www.taylorfrancis.com/books/9781003604693
942 _cEBOOK
999 _c1729417
_d1729417